Aciers inoxydables, aciers réfractaires

Shranjeno v:
Bibliografske podrobnosti
Main Authors: Colombier, R (Author), Hochmann, J (Author)
Format: Knjiga
Jezik:francoščina
Izdano: París Dunod 1965
Izdaja:2a. ed
Teme:
Oznake: Označite
Brez oznak, prvi označite!

MARC

LEADER 00000nam a2200000 a 4500
001 UCP1450
003 CL-VaPUC
008 990409e19650000FR |||||||||||||||||fre|d
082 0 4 |a 669.951  |b COL  |2 21 
100 0 |a Colombier, R  |e author  |9 427508 
700 0 |a Hochmann, J  |e author  |9 427509 
245 1 0 |a Aciers inoxydables, aciers réfractaires 
250 |a 2a. ed 
300 |a 619 p 
942 |c BK 
945 |d 19990409 00:00:00  |a lriquelm 
260 |a París  |b Dunod  |c 1965 
650 0 |a Acero inoxidable  |9 260684 
650 0 |a Acero refractario  |9 271879 
583 |a last modification  |c 19990409 00:00:00  |k Rodrigo Vera 
999 |c 280127  |d 280125